000 00527nam a2200169Ia 4500
999 _c12383
_d12383
003 OSt
005 20201015110529.0
008 190216s9999||||xx |||||||||||||| ||und||
040 _coclc
082 _a821.7
_bKEA/C
100 _aKeats, John
_94930
245 4 _aThe Complete Poetry And Selected Prose Of John Keats /
_cJohn Keats ; Harold Edgar Briggs
260 _bThe Modern Library,
_c1951.
_aNew york:
300 _a481p
650 _aEnglish Poetry
942 _cBK
_2ddc
_h821.7
_iKEA/C
_k821.7
_mKEA/C